ARRUPE JESUIT UNIVERSITY

CORONAVIRUS -STOP THE SPREAD - CLEAN,DISINFECT,COVER

La Connaissance de Dieu selon la tradition orientale, (Record no. 127503)

MARC details
000 -LEADER
fixed length control field 00899cam a22002651 4500
001 - CONTROL NUMBER
control field 9015021
003 - CONTROL NUMBER IDENTIFIER
control field ARRUPE
005 - DATE AND TIME OF LATEST TRANSACTION
control field 20180125141455.0
008 - FIXED-LENGTH DATA ELEMENTS--GENERAL INFORMATION
fixed length control field 810212s1968 fr 000 0 fre
010 ## - LIBRARY OF CONGRESS CONTROL NUMBER
LC control number 74353086
015 ## - NATIONAL BIBLIOGRAPHY NUMBER
National bibliography number F***
035 ## - SYSTEM CONTROL NUMBER
System control number (OCoLC)7121033
040 ## - CATALOGING SOURCE
Original cataloging agency DLC
Transcribing agency MChB
Modifying agency DLC
042 ## - AUTHENTICATION CODE
Authentication code premarc
050 00 - LIBRARY OF CONGRESS CALL NUMBER
Classification number BT102
Item number .E92
300 ## - PHYSICAL DESCRIPTION
Dimensions 21 cm.
100 1# - MAIN ENTRY--PERSONAL NAME
Personal name Evdokimov, Paul,
Dates associated with a name 1901-1970.
9 (RLIN) 38569
245 13 - TITLE STATEMENT
Title La Connaissance de Dieu selon la tradition orientale,
Remainder of title l'enseignement patristique, liturgique et iconographique
Statement of responsibility, etc Paul Evdokimov.
260 ## - PUBLICATION, DISTRIBUTION, ETC. (IMPRINT)
Place of publication, distribution, etc Paris,
Name of publisher, distributor, etc Desclee De Brouwer,
Date of publication, distribution, etc 1967.
300 ## - PHYSICAL DESCRIPTION
Extent 158 p.
440 ## - SERIES STATEMENT/ADDED ENTRY--TITLE
Title Theophanie
9 (RLIN) 38852
500 ## - GENERAL NOTE
General note Illustrated cover.
650 #0 - SUBJECT ADDED ENTRY--TOPICAL TERM
Topical term or geographic name as entry element God, Knowableness
9 (RLIN) 38887
650 #0 - SUBJECT ADDED ENTRY--TOPICAL TERM
Topical term or geographic name as entry element Orthodox Eastern Church
General subdivision Doctrines
9 (RLIN) 38839
906 ## - LOCAL DATA ELEMENT F, LDF (RLIN)
a 7
b cbc
c oclcrpl
d u
e ncip
f 19
g y-gencatlg
942 ## - ADDED ENTRY ELEMENTS (KOHA)
Source of classification or shelving scheme Library of Congress Classification
Koha item type Monograph ( Printed materials)
Holdings
Withdrawn status Lost status Source of classification or shelving scheme Damaged status Not for loan Collection code Home library Current library Shelving location Date acquired Total Checkouts Full call number Barcode Date last seen Price effective from Koha item type
    Library of Congress Classification     Main Collection ARRUPE LIBRARY ARRUPE LIBRARY Main Collection 25/01/2018   BT102 .E92 46600000785 25/01/2018 25/01/2018 Monograph ( Printed materials)

 

Arrupe Library. PO Box MP320 Mt Pleasant, Harare, Zimbabwe
263 242 745411|librarian@aju.ac.zw